Biblioteca y Centro de Documentación

Vista normal Vista MARC

Entrada Término de materia

Número de registros utilizados en: 2

001 - NÚMERO DE CONTROL

  • Campo de control: 31791

003 - IDENTIFICADOR DE NÚMERO DE CONTROL

  • Campo de control: ES-MaCES

005 - FECHA Y HORA DE LA ULTIMA MODIFICACION

  • Campo de control: 20040909094100.0

008 - ELEMENTOS DE DATOS DE LONGITUD FIJA

  • Campo de longitud fija: 040909 | azznnbabn |n ana d

035 ## - NÚMERO DE CONTROL DEL SISTEMA

  • Número de control del sistema: CES20040000493s

040 ## - FUENTE DE LA CATALOGACIÓN

  • Agencia original de catalogación: ES-MaCES
  • Idioma de catalogación: spa
  • Agencia de transcripción: ES-MaCES

150 ## - ENCABEZAMIENTO--MATERIA

  • Término de materia o geográfico como elemento de entrada: 1883-1924

670 ## - FUENTE DE DATOS ENCONTRADOS

  • Fuente de citación: GALA

901 ## - CES. DATOS SIRTEX

  • ID Sirtex (N5N8): 0007700008055
  • 005BIS Sirtex: 200409090941ALORITE
© CES, Consejo Económico y Social de España 2021